Dyke's Automobile and gasoline engine encyclopedia; (Record no. 550671)
[ view plain ]
| 000 -LEADER | |
|---|---|
| fixed length control field | 00848cam a22001691 4500 |
| 082 ## - DEWEY DECIMAL CLASSIFICATION NUMBER | |
| Classification number | 629.22 |
| Author Mark | DYK |
| -- | L-17, P-9 |
| 100 1# - MAIN ENTRY--PERSONAL NAME | |
| Personal name | Dyke, Andrew Lee, |
| 9 (RLIN) | 47412 |
| 245 00 - TITLE STATEMENT | |
| Title | Dyke's Automobile and gasoline engine encyclopedia; |
| Remainder of title | the elementary principles, construction, operation and repair of automobiles, gasoline engines and automobile electric systems; including trucks, tractors, motorcoaches, automotive Diesel engines, aircraft engines and motorcycles, |
| Statement of responsibility, etc. | by A. L. Dyke. |
| 250 ## - EDITION STATEMENT | |
| Edition statement | 20th ed. |
| 260 ## - PUBLICATION, DISTRIBUTION, ETC. | |
| Place of publication, distribution, etc. | Chicago, |
| Name of publisher, distributor, etc. | The Goodheart-Willcox company, inc., |
| Date of publication, distribution, etc. | 1943. |
| 300 ## - PHYSICAL DESCRIPTION | |
| Extent | xxxvi, 1244 (i.e. 1336), 111 p. |
| Other physical details | illus., fold., plates (part col.) tables (part fold.) diagrs. |
| Dimensions | 25 cm. |
| 500 ## - GENERAL NOTE | |
| General note | Includes extra numbered pages. |
| 526 ## - STUDY PROGRAM INFORMATION NOTE | |
| Program name | 0 |
| Interest level | 0 |
| Reading level | 0 |
| Title point value | 629_220000000000000_DYK |
| 650 #0 - SUBJECT ADDED ENTRY--TOPICAL TERM | |
| Topical term or geographic name entry element | Automobiles. |
| 9 (RLIN) | 38699 |
| 650 #0 - SUBJECT ADDED ENTRY--TOPICAL TERM | |
| Topical term or geographic name entry element | MCE |
| 9 (RLIN) | 379 |
| 942 ## - ADDED ENTRY ELEMENTS (KOHA) | |
| Source of classification or shelving scheme | |
| Koha item type | Book |
| Withdrawn status | Lost status | Source of classification or shelving scheme | Damaged status | Not for loan | Permanent Location | Current Location | Date acquired | Total Checkouts | Full call number | Barcode | Date last seen | Price effective from | Koha item type |
|---|---|---|---|---|---|---|---|---|---|---|---|---|---|
| Military College of Engineering (MCE) | Military College of Engineering (MCE) | 11/19/2014 | 629.22 DYK | MCE-29013 | 11/19/2014 | 11/19/2014 | Book |
